Khảo luận thứ hai về chính quyền : Chính quyền dân sự

Luận về nguồn gốc, phạm vi và mục đích chân chính của chính quyền dân sự

সংরক্ষণ করুন:
গ্রন্থ-পঞ্জীর বিবরন
প্রধান লেখক: Locke, John
বিন্যাস: গ্রন্থ
ভাষা:Undetermined
প্রকাশিত: Hà Nội Tri thức 2015
বিষয়গুলি:
ট্যাগগুলো: ট্যাগ যুক্ত করুন
কোনো ট্যাগ নেই, প্রথমজন হিসাবে ট্যাগ করুন!
Thư viện lưu trữ: Trung tâm Học liệu Trường Đại học Cần Thơ
LEADER 00787nam a2200217Ia 4500
001 CTU_215611
008 210402s9999 xx 000 0 und d
020 |c 80000 
082 |a 320.011 
082 |b L814 
100 |a Locke, John 
245 0 |a Khảo luận thứ hai về chính quyền : 
245 0 |b Chính quyền dân sự 
245 0 |c John Locke ; Lê Tuấn Huy (dịch, chú giải và giới thiệu) 
260 |a Hà Nội 
260 |b Tri thức 
260 |c 2015 
520 |a Luận về nguồn gốc, phạm vi và mục đích chân chính của chính quyền dân sự 
650 |a Political science,Khoa học chính trị 
904 |i Nguyên 
980 |a Trung tâm Học liệu Trường Đại học Cần Thơ